Its raining tacos lyrics - Statistics

General Stats
  • This quiz has been taken 47 times
  • The average score is 81 of 106
Answer Stats
Answer % Correct
its
100%
raining
100%
tacos
100%
out
97%
the
97%
you
97%
a
94%
of
94%
sky
94%
and
91%
from
91%
your
88%
ask
84%
close
84%
eyes
84%
just
84%
mouth
84%
open
84%
to
84%
why
84%
need
78%
no
75%
meat
69%
cheese
63%
like
63%
can
59%
in
59%
dream
56%
eat
56%
street
56%
yum
56%
lettuce
53%
all
50%
shell
47%
sour
47%
cream
44%
shells
34%
ooh
28%
bring
25%
yumity
22%
No matching quizzes found
Score Distribution
Percent of People with Each Score
Percentile by Number Answered
Your Score History
You have not taken this quiz